<?xml version="1.0" encoding="UTF-8"?>
<record
    xmlns:xsi="http://www.w3.org/2001/XMLSchema-instance"
    xsi:schemaLocation="http://www.loc.gov/MARC21/slim http://www.loc.gov/standards/marcxml/schema/MARC21slim.xsd"
    xmlns="http://www.loc.gov/MARC21/slim">

  <leader>02168nam0a2200349   4500</leader>
  <controlfield tag="001">RU\NLR\bibl\941328</controlfield>
  <controlfield tag="005">20260419030340.0</controlfield>
  <datafield tag="010" ind1=" " ind2=" ">
    <subfield code="a">5-902894-05-0</subfield>
    <subfield code="9">2000</subfield>
  </datafield>
  <datafield tag="021" ind1=" " ind2=" ">
    <subfield code="a">RU</subfield>
    <subfield code="b">2006-17389</subfield>
    <subfield code="9">864</subfield>
  </datafield>
  <datafield tag="035" ind1=" " ind2=" ">
    <subfield code="a">(NLR Aleph) 000929509</subfield>
  </datafield>
  <datafield tag="090" ind1=" " ind2=" ">
    <subfield code="a">150861</subfield>
    <subfield code="c">150861</subfield>
  </datafield>
  <datafield tag="100" ind1=" " ind2=" ">
    <subfield code="a">20060502d2006    u  y0rusy50      ca</subfield>
  </datafield>
  <datafield tag="101" ind1="0" ind2=" ">
    <subfield code="a">rus</subfield>
  </datafield>
  <datafield tag="102" ind1=" " ind2=" ">
    <subfield code="a">RU</subfield>
  </datafield>
  <datafield tag="105" ind1=" " ind2=" ">
    <subfield code="a">a   |||||||||</subfield>
  </datafield>
  <datafield tag="200" ind1="1" ind2=" ">
    <subfield code="a">&#x418;&#x43D;&#x444;&#x43E;&#x440;&#x43C;&#x430;&#x442;&#x438;&#x43A;&#x430; &#x438; &#x43F;&#x440;&#x43E;&#x433;&#x440;&#x430;&#x43C;&#x43C;&#x438;&#x440;&#x43E;&#x432;&#x430;&#x43D;&#x438;&#x435;</subfield>
    <subfield code="e">&#x443;&#x447;&#x435;&#x431;&#x43D;&#x438;&#x43A;</subfield>
    <subfield code="e">&#x434;&#x43B;&#x44F; &#x441;&#x442;&#x443;&#x434;&#x435;&#x43D;&#x442;&#x43E;&#x432; &#x412;&#x423;&#x417;&#x43E;&#x432;, &#x43E;&#x431;&#x443;&#x447;&#x430;&#x44E;&#x449;&#x438;&#x445;&#x441;&#x44F; &#x43F;&#x43E; &#x441;&#x43F;&#x435;&#x446;&#x438;&#x430;&#x43B;&#x44C;&#x43D;&#x43E;&#x441;&#x442;&#x438; 351400 "&#x41F;&#x440;&#x438;&#x43A;&#x43B;&#x430;&#x434;&#x43D;&#x430;&#x44F; &#x438;&#x43D;&#x444;&#x43E;&#x440;&#x43C;&#x430;&#x442;&#x438;&#x43A;&#x430; (&#x43F;&#x43E; &#x43E;&#x431;&#x43B;&#x430;&#x441;&#x442;&#x44F;&#x43C;)" &#x438; &#x434;&#x440;&#x443;&#x433;&#x438;&#x43C; &#x43C;&#x435;&#x436;&#x434;&#x438;&#x441;&#x446;&#x438;&#x43F;&#x43B;&#x438;&#x43D;&#x430;&#x440;&#x43D;&#x44B;&#x43C; &#x441;&#x43F;&#x435;&#x446;&#x438;&#x430;&#x43B;&#x44C;&#x43D;&#x43E;&#x441;&#x442;&#x44F;&#x43C;</subfield>
    <subfield code="f">&#x415;.&#x41F;. &#x418;&#x441;&#x442;&#x43E;&#x43C;&#x438;&#x43D;, &#x421;.&#x42E;. &#x41D;&#x435;&#x43A;&#x43B;&#x44E;&#x434;&#x43E;&#x432;, &#x412;.&#x418;. &#x420;&#x43E;&#x43C;&#x430;&#x43D;&#x447;&#x435;&#x43D;&#x43A;&#x43E;</subfield>
    <subfield code="g">&#x420;&#x43E;&#x441;. &#x433;&#x43E;&#x441;. &#x433;&#x438;&#x434;&#x440;&#x43E;&#x43C;&#x435;&#x442;&#x435;&#x43E;&#x440;&#x43E;&#x43B;. &#x443;&#x43D;-&#x442;</subfield>
  </datafield>
  <datafield tag="210" ind1=" " ind2=" ">
    <subfield code="a">&#x421;&#x430;&#x43D;&#x43A;&#x442;-&#x41F;&#x435;&#x442;&#x435;&#x440;&#x431;&#x443;&#x440;&#x433;</subfield>
    <subfield code="c">&#x410;&#x43D;&#x434;&#x440;&#x435;&#x435;&#x432;&#x441;&#x43A;&#x438;&#x439; &#x438;&#x437;&#x434;&#x430;&#x442;&#x435;&#x43B;&#x44C;&#x441;&#x43A;&#x438;&#x439; &#x434;&#x43E;&#x43C;</subfield>
    <subfield code="d">2006</subfield>
  </datafield>
  <datafield tag="215" ind1=" " ind2=" ">
    <subfield code="a">248 &#x441;.</subfield>
    <subfield code="c">&#x438;&#x43B;.</subfield>
    <subfield code="d">24</subfield>
  </datafield>
  <datafield tag="225" ind1="1" ind2=" ">
    <subfield code="a">&#x413;&#x440;&#x438;&#x444; &#x423;&#x41C;&#x41E;</subfield>
  </datafield>
  <datafield tag="300" ind1=" " ind2=" ">
    <subfield code="a">&#x412; &#x43A;&#x43E;&#x43D;&#x446;&#x435; &#x43A;&#x43D;. &#x430;&#x432;&#x442;.: &#x418;&#x441;&#x442;&#x43E;&#x43C;&#x438;&#x43D; &#x415;&#x432;&#x433;&#x435;&#x43D;&#x438;&#x439; &#x41F;&#x435;&#x442;&#x440;&#x43E;&#x432;&#x438;&#x447;, &#x434;.&#x442;.&#x43D;., &#x43F;&#x440;&#x43E;&#x444;.,&#x41D;&#x435;&#x43A;&#x43B;&#x44E;&#x434;&#x43E;&#x432; &#x421;&#x435;&#x440;&#x433;&#x435;&#x439; &#x42E;&#x440;&#x44C;&#x435;&#x432;&#x438;&#x447;, &#x43A;.&#x442;.&#x43D;., &#x434;&#x43E;&#x446;., &#x420;&#x43E;&#x43C;&#x430;&#x43D;&#x447;&#x435;&#x43D;&#x43A;&#x43E; &#x412;&#x43B;&#x430;&#x434;&#x438;&#x43C;&#x438;&#x440; &#x418;&#x432;&#x430;&#x43D;&#x43E;&#x432;&#x438;&#x447;, &#x43A;.&#x44D;.&#x43D;., &#x43F;&#x440;&#x43E;&#x444;.</subfield>
  </datafield>
  <datafield tag="320" ind1=" " ind2=" ">
    <subfield code="a">&#x411;&#x438;&#x431;&#x43B;&#x438;&#x43E;&#x433;&#x440;.: &#x441;. 243-247 (120 &#x43D;&#x430;&#x437;&#x432;.)</subfield>
  </datafield>
  <datafield tag="606" ind1="1" ind2=" ">
    <subfield code="a">&#x418;&#x43D;&#x444;&#x43E;&#x440;&#x43C;&#x430;&#x442;&#x438;&#x43A;&#x430;</subfield>
    <subfield code="j">&#x423;&#x447;&#x435;&#x431;&#x43D;&#x438;&#x43A;&#x438; &#x434;&#x43B;&#x44F; &#x432;&#x44B;&#x441;&#x448;&#x438;&#x445; &#x443;&#x447;&#x435;&#x431;&#x43D;&#x44B;&#x445; &#x437;&#x430;&#x432;&#x435;&#x434;&#x435;&#x43D;&#x438;&#x439;</subfield>
    <subfield code="9">2081274</subfield>
    <subfield code="3">RU\NLR\auth\661257251</subfield>
  </datafield>
  <datafield tag="606" ind1=" " ind2=" ">
    <subfield code="a">&#x41F;&#x440;&#x43E;&#x433;&#x440;&#x430;&#x43C;&#x43C;&#x438;&#x440;&#x43E;&#x432;&#x430;&#x43D;&#x438;&#x435; (&#x43A;&#x43E;&#x43C;&#x43F;&#x44C;&#x44E;&#x442;.)</subfield>
    <subfield code="j">&#x423;&#x447;&#x435;&#x431;&#x43D;&#x438;&#x43A;&#x438; &#x434;&#x43B;&#x44F; &#x432;&#x44B;&#x441;&#x448;&#x438;&#x445; &#x443;&#x447;&#x435;&#x431;&#x43D;&#x44B;&#x445; &#x437;&#x430;&#x432;&#x435;&#x434;&#x435;&#x43D;&#x438;&#x439;</subfield>
    <subfield code="3">RU\NLR\auth\661257252</subfield>
    <subfield code="9">2081275</subfield>
  </datafield>
  <datafield tag="686" ind1=" " ind2=" ">
    <subfield code="a">&#x417;973.23&#x44F;73-1</subfield>
  </datafield>
  <datafield tag="700" ind1=" " ind2="1">
    <subfield code="4">070</subfield>
    <subfield code="8">rus</subfield>
    <subfield code="7">ca</subfield>
    <subfield code="a">&#x418;&#x441;&#x442;&#x43E;&#x43C;&#x438;&#x43D;</subfield>
    <subfield code="b">&#x415;. &#x41F;.</subfield>
    <subfield code="f">1953-</subfield>
    <subfield code="g">&#x415;&#x432;&#x433;&#x435;&#x43D;&#x438;&#x439; &#x41F;&#x435;&#x442;&#x440;&#x43E;&#x432;&#x438;&#x447;</subfield>
    <subfield code="3">RU\NLR\auth\7727219</subfield>
    <subfield code="9">10256</subfield>
  </datafield>
  <datafield tag="701" ind1=" " ind2="1">
    <subfield code="4">070</subfield>
    <subfield code="8">rus</subfield>
    <subfield code="7">ca</subfield>
    <subfield code="a">&#x41D;&#x435;&#x43A;&#x43B;&#x44E;&#x434;&#x43E;&#x432;</subfield>
    <subfield code="b">&#x421;. &#x42E;.</subfield>
    <subfield code="c">&#x43A;&#x430;&#x43D;&#x434;. &#x442;&#x435;&#x445;&#x43D;. &#x43D;&#x430;&#x443;&#x43A;</subfield>
    <subfield code="f">1951-</subfield>
    <subfield code="g">&#x421;&#x435;&#x440;&#x433;&#x435;&#x439; &#x42E;&#x440;&#x44C;&#x435;&#x432;&#x438;&#x447;</subfield>
    <subfield code="3">RU\NLR\auth\7738870</subfield>
    <subfield code="9">21854</subfield>
  </datafield>
  <datafield tag="701" ind1=" " ind2="1">
    <subfield code="a">&#x420;&#x43E;&#x43C;&#x430;&#x43D;&#x447;&#x435;&#x43D;&#x43A;&#x43E;</subfield>
    <subfield code="b">&#x412;. &#x418;.</subfield>
    <subfield code="f">1960-</subfield>
    <subfield code="g">&#x412;&#x43B;&#x430;&#x434;&#x438;&#x43C;&#x438;&#x440; &#x418;&#x432;&#x430;&#x43D;&#x43E;&#x432;&#x438;&#x447;</subfield>
    <subfield code="4">070</subfield>
  </datafield>
  <datafield tag="801" ind1=" " ind2="0">
    <subfield code="a">RU</subfield>
    <subfield code="b">NLR</subfield>
    <subfield code="c">20060502</subfield>
    <subfield code="g">rcr</subfield>
  </datafield>
  <datafield tag="801" ind1=" " ind2="1">
    <subfield code="a">RU</subfield>
    <subfield code="b">NLR</subfield>
    <subfield code="c">20060502</subfield>
  </datafield>
  <datafield tag="942" ind1=" " ind2=" ">
    <subfield code="c">BOOK</subfield>
  </datafield>
  <datafield tag="980" ind1=" " ind2=" ">
    <subfield code="a">NB</subfield>
  </datafield>
  <datafield tag="995" ind1=" " ind2=" ">
    <subfield code="5">2006-05-02</subfield>
    <subfield code="a">ad</subfield>
    <subfield code="b">NLR01</subfield>
    <subfield code="c">NLR01</subfield>
    <subfield code="e">RF3</subfield>
    <subfield code="f">2179851</subfield>
    <subfield code="k">2006-7/2265</subfield>
    <subfield code="o">0</subfield>
    <subfield code="r">BOOK</subfield>
    <subfield code="s">200672265_</subfield>
  </datafield>
  <datafield tag="995" ind1=" " ind2=" ">
    <subfield code="5">2006-05-02</subfield>
    <subfield code="a">ad</subfield>
    <subfield code="b">NLR01</subfield>
    <subfield code="c">NLR01</subfield>
    <subfield code="e">RF3</subfield>
    <subfield code="f">2179854</subfield>
    <subfield code="k">2006-7/2265</subfield>
    <subfield code="o">0</subfield>
    <subfield code="r">BOOK</subfield>
    <subfield code="s">200672265_</subfield>
  </datafield>
  <datafield tag="995" ind1=" " ind2=" ">
    <subfield code="5">2007-03-26</subfield>
    <subfield code="a">aa</subfield>
    <subfield code="b">NLR01</subfield>
    <subfield code="c">NLR01</subfield>
    <subfield code="e">OZ4</subfield>
    <subfield code="f">1-414764</subfield>
    <subfield code="k">&#x422;1 &#x417;973.233/&#x418;-896</subfield>
    <subfield code="o">0</subfield>
    <subfield code="p">207.00</subfield>
    <subfield code="r">BOOK</subfield>
    <subfield code="s">1_973233896</subfield>
  </datafield>
</record>
